<?xml version="1.0" encoding="UTF-8"?><?xml-stylesheet type="text/xsl" href="static/style.xsl"?><OAI-PMH xmlns="http://www.openarchives.org/OAI/2.0/" xmlns:xsi="http://www.w3.org/2001/XMLSchema-instance" xsi:schemaLocation="http://www.openarchives.org/OAI/2.0/ http://www.openarchives.org/OAI/2.0/OAI-PMH.xsd"><responseDate>2026-04-13T03:04:45Z</responseDate><request verb="GetRecord" identifier="oai:www.recercat.cat:2072/462918" metadataPrefix="marc">https://recercat.cat/oai/request</request><GetRecord><record><header><identifier>oai:recercat.cat:2072/462918</identifier><datestamp>2026-04-08T07:13:25Z</datestamp><setSpec>com_2072_98</setSpec><setSpec>col_2072_378192</setSpec></header><metadata><record xmlns="http://www.loc.gov/MARC21/slim" xmlns:dcterms="http://purl.org/dc/terms/" xmlns:xsi="http://www.w3.org/2001/XMLSchema-instance" xmlns:doc="http://www.lyncode.com/xoai" xsi:schemaLocation="http://www.loc.gov/MARC21/slim http://www.loc.gov/standards/marcxml/schema/MARC21slim.xsd">
   <leader>00925njm 22002777a 4500</leader>
   <datafield ind2=" " ind1=" " tag="042">
      <subfield code="a">dc</subfield>
   </datafield>
   <datafield ind2=" " ind1=" " tag="720">
      <subfield code="a">Kumar, Suganthi</subfield>
      <subfield code="e">author</subfield>
   </datafield>
   <datafield ind2=" " ind1=" " tag="720">
      <subfield code="a">Soundrapandiyan, Rajkumar</subfield>
      <subfield code="e">author</subfield>
   </datafield>
   <datafield ind2=" " ind1=" " tag="260">
      <subfield code="c">2022</subfield>
   </datafield>
   <datafield ind2=" " ind1=" " tag="520">
      <subfield code="a">This paper presents a robust and high-capacity video steganography framework using a hybrid Speeded Up Scale Invariant Robust Features (h-SUSIRF) keypoints detection algorithm. There are two main objectives in this method: (1) determining the dynamic Region of Interest (ROI) keypoints in video scenes and (2) embedding the appropriate secret data into the identified regions. In this work, the h-SUSIRF keypoints detection scheme is proposed to find keypoints within the scenes. These identified keypoints are dilated to form the dynamic ROI keypoints. Finally, the secret images are embedded into the dynamic ROI keypoints' locations of the scenes using the substitution method. The performance of the proposed method (PM) is evaluated using standard metrics Structural Similarity Index Measure (SSIM), Capacity (Cp), and Bit Error Rate (BER). The standard of the video is ensured by Video Quality Measure (VQM). To examine the efficacy of the PM some recent steganalysis schemes are applied to calculate the detection ratio and the Receiver Operating Characteristics (ROC) curve is analyzed. From the experimental analysis, it is deduced that the PM surpasses the contemporary methods by achieving significant results in terms of imperceptibility, capacity, robustness with lower computational complexity.</subfield>
   </datafield>
   <datafield tag="653" ind2=" " ind1=" ">
      <subfield code="a">Video steganography</subfield>
   </datafield>
   <datafield tag="653" ind2=" " ind1=" ">
      <subfield code="a">Imperceptibility</subfield>
   </datafield>
   <datafield tag="653" ind2=" " ind1=" ">
      <subfield code="a">Capacity</subfield>
   </datafield>
   <datafield tag="653" ind2=" " ind1=" ">
      <subfield code="a">Robustness</subfield>
   </datafield>
   <datafield tag="653" ind2=" " ind1=" ">
      <subfield code="a">Computational cost</subfield>
   </datafield>
   <datafield tag="653" ind2=" " ind1=" ">
      <subfield code="a">H-susirf</subfield>
   </datafield>
   <datafield tag="653" ind2=" " ind1=" ">
      <subfield code="a">Steganalysis</subfield>
   </datafield>
   <datafield ind2="0" ind1="0" tag="245">
      <subfield code="a">A multiple secret image embedding in dynamic ROI keypoints based on hybrid Speeded Up Scale Invariant Robust Features (h-SUSIRF) algorithm</subfield>
   </datafield>
</record></metadata></record></GetRecord></OAI-PMH>